| 000 | 00419nam a22001697a 4500 | ||
|---|---|---|---|
| 003 | SGT | ||
| 020 | _a978-81-8191-419-4 | ||
| 082 |
_a610.711 _bW19H |
||
| 100 | _aHEGDE,BM | ||
| 245 | _aWHAT DOCTORS DON'T GET TO STUDY IN MEDICAL SCHOOL | ||
| 250 | _a4TH | ||
| 260 |
_aNEW DELHI _bPEARSON PUB _c2019 |
||
| 300 | _a553 | ||
| 650 | _aAYURVEDA | ||
| 653 | _aWHAT DOCTORS, DON'T GET , MEDICAL SCHOOL | ||
| 942 |
_2ddc _cBK |
||
| 999 |
_c21585 _d21585 |
||